01434 a2200193 45000010006000000050017000060080041000230030015000640400040000790800140001192450094002590200018003532640033003713000019004045050686004230410008011091000028011178560095011454111620260407155705.0260407a2002 arg spa dAR-UNSa-BCEJYS aAR-UNSa-BCEJYSbspacAR-UNSa-BCEJYS a347.72.04xModificación legal de las condiciones de la sociedad. Extinción. Disolución. Liquidación. Reconstitución. Fusión10aLa pérdida del capital social como causal de disolución de las sociedades comerciales a950-894-362-9 1aBuenos Aires :bAD-HOCc2002 a126 p.c23 cm. a1. Breves conceptos sobre la disolución de la sociedad comercial - 2. La importancia del capital social en las sociedades comerciales - 3. La disolución de la sociedad por pérdida de su capital social - 4. Procedimientos para evitar la causal disolutoria de pérdida del capital social (primera parte)- 5. Procedimientos para evitar la causal disolutoria de pérdida del capital social (segunda parte) - 6. Revocación de la causal disolutoria de pérdida del capital social - 7. Situación de la sociedad que ignora la pérdida del capital social - 8. La suspensión de la operatividad de la causal de disolución por pérdida del capital social. El decreto 1269/02 aspa1 aNissen, Ricardo Augusto41uhttps://biblioeco.unsa.edu.ar/pmb/images/libros/L126377.jpgyImagen de portadaqimage/jpeg